Регионална библиотека "Любен Каравелов" - Русе

Български език (Запис номер 6800)

MARC детайли
000 -Лидер
Контролно поле с фиксирана дължина 01852nam a2200397 c 4500
003 - Код на организацията, давaща контролен номер
Контролно поле BLK
005 - Дата и час на последна редакция
Контролно поле 20230429024453.0
008 - Елементи от данни с фиксирана дължина
fixed length control field 180412b bul|||||r ||||||| ||bul||
010 ## - Наследен системен номер
LC control number KNG00008060000
020 ## - Международен стандартен номер на книга ISBN
Международен стандартен номер на книга ISBN 954-01-0164-6
040 ## - Източник на каталожния запис
Идентификатор на билиотеката - собственик на записа BLK
041 ## - Код за език
Код за езика на текст/звукозапис или на отделно заглавие Български
Код за езика КДБФ Български
080 ## - УДК
Текстов определител УДК Български език
УДК код - определител по УДК 811.163.2
УДК определител (075.3)
УДК - код + определител 811.163.2(075.3)
100 1# - Редна дума - Автор
Автор Владимирова, Тодорка
Авторска отговорност първи автор
R(LIN) 245365
139 ## - Редно поле
Редна дума Български език
Авторски знак Бъл - Б 92
245 10 - Сведения за заглавието
Заглавие Български език
Подзаглавни данни Учебник за IX кл. на СОУ
Редно поле (дума) Тодорка Владимирова и др.
250 ## - Област на изданието
Сведения за изданието 3. изд.
257 ## - Страна на издаване
Страна на създаване/издаване България
260 ## - Област на издателските данни
Име на издателя, разпространителя и проч. Просвета
Година на издаване 1994
Място на издаване, разпространение и проч. София
300 ## - Физическа характеристика
Страници 151 с.
Илюстрации и др. с табл.
Размери/Мащаб 21 см
380 ## - Жанр
Жанр Езикознание. Филология
500 ## - Общи забележки
Забележка Други авт.: М. Москов, М. Васева, Н. Маджирова ; Пълното име на първата авт. е Тодорка Владимирова Митева. - 1. изд. 1989. ; Доп. тир. 1995.
650 #4 - Допълнително описание по предмет – тема
Основно описание – тема или топоним Български език - учебници за средни училища
9 (RLIN) 246721
653 ## - Ключова дума – ненормативна
Ключова дума български език
653 ## - Ключова дума – ненормативна
Ключова дума учебници за средни училища
653 ## - Ключова дума – ненормативна
Ключова дума ІХ кл.
700 ## - Други автори (авторска отговорност)
Лично име Москов, Моско Добрев
Дати, свързани с автора 1927-2001
Друга информация Филолог. Езиковед.
9 (RLIN) 364083
700 1# - Други автори (авторска отговорност)
Лично име Васева, Милена Петрова
9 (RLIN) 364002
700 1# - Други автори (авторска отговорност)
Лично име Маджирова, Надя Асенова
9 (RLIN) 251872
700 1# - Други автори (авторска отговорност)
Лично име Митева, Тодорка Владимирова
9 (RLIN) 251873
852 ## - Местоположение
Форматна сигнатура Цб 178296
856 4# - Електронен адрес и достъп
Електронен формат pdf - файл
Път до файла /url/
Инструкция (цена за достъп) 0.00
Права за достъп disable
856 4# - Електронен адрес и достъп
Електронен формат pdf - файл
Път до файла /url/
Инструкция (цена за достъп) 0.00
Права за достъп disable
999 ## - СИСТЕМНИ КОНТРОЛНИ НОМЕРА
Koha biblionumber 6800
Koha biblioitemnumber 6800
942 ## - АРТИКУЛИ
Вид на библиотечния материал Книги
Скрит в OPAC Не
Периодичен библиозапис Да
944 ## - СЪЗДАВАНЕ И РЕДАКЦИЯ на ЗАПИСА
Създаване/Редакция Създаване
Дата на регистрацията/редакция 15.01.2003
Служител, извършил регистрацията/редакцията AB_DOS
944 ## - СЪЗДАВАНЕ И РЕДАКЦИЯ на ЗАПИСА
Създаване/Редакция Редакция
Дата на регистрацията/редакция 19.08.2016
Служител, извършил регистрацията/редакцията Милена_Ачева
999 ## - СИСТЕМНИ КОНТРОЛНИ НОМЕРА
Koha biblioitemnumber 6800
Наличности
Код за отписване Код за изгубен артикул Код за повреда Коз за рестрикции Код за отдаване Артикулен № Име на библиотеката - собственик Име на библиотеката, в която се намира в момента Статус (Текущо местоположение) Дата на вписване в системата Местоположение - отдел Цена в лева Инвентарен номер Систематично азбучна сигнатура Баркод Номер на екземпляра Цена в евро Служебна бележка Служебен тип на артикула Източник на класификационната схема
  Не е изгубен Не е повреден без рестрикции ползва се в читалня 11791 Регионална библиотека "Любен Каравелов" Русе Регионална библиотека "Любен Каравелов" Русе Хранилище 1994-01-01 Хранилище 0.60 603182 Цб 178296 603182 1 0.31 Дост: Dp Вид: Д N: стар фонд Дата: 01.01.1994 Дата инв: 23.10.2015 Бележки инв: Цб2015 Книги  
Изтеглен Не е изгубен Не е повреден без рестрикции заемане за дома 11792 Регионална библиотека "Любен Каравелов" Русе Регионална библиотека "Любен Каравелов" Русе Заемна - подръчен фонд 1994-01-01 Заемна - подръчен фонд 0.60 605619 П 808.67/Б 92 605619 2 0.31 Вид: Сф N: стар фонд Дата: 01.01.1994 Книги Universal Decimal Classification
Изтеглен Не е изгубен Не е повреден без рестрикции заемане за дома 11793 Регионална библиотека "Любен Каравелов" Русе Регионална библиотека "Любен Каравелов" Русе Заемна - подръчен фонд 1994-01-01 Заемна - подръчен фонд 0.60 605620 П 808.67/Б 92 605620 3 0.31 Вид: Сф N: стар фонд Дата: 01.01.1994 Книги Universal Decimal Classification
Изтеглен Не е изгубен Не е повреден без рестрикции заемане за дома 11794 Регионална библиотека "Любен Каравелов" Русе Регионална библиотека "Любен Каравелов" Русе Заемна - подръчен фонд 1994-01-01 Заемна - подръчен фонд 0.00 614385 П 808.67/Б 92 614385 4 0.00 Вид: Сф N: стар фонд Дата: 01.01.1994 Книги Universal Decimal Classification
Vip Innovations Ltd, Rousse, Bulgaria 2025